Statistiken für Gastgeberländer der Olympischen Spiele

Klicken Sie hier um das Quiz zu spielen!

Allgemein

  • Dieses Quiz wurde 1,093 mal gespielt
  • Das Durchschnittsergebnis liegt bei 22 aus 24

Antwortstatistiken

# Land % Correct
3Deutschland
100%
9Vereinigte Staaten
99%
1Russland
99%
1Brasilien
99%
4Japan
98%
3Kanada
98%
3Vereinigtes Königreich
97%
2China
97%
1Spanien
97%
4Italien
97%
6Frankreich
96%
2Norwegen
95%
2Australien
95%
1Schweden
95%
1Mexiko
94%
2Südkorea
94%
2Griechenland
94%
2Österreich
92%
2Schweiz
91%
1Finnland
88%
1Niederlande
77%
1Belgien
73%
1Sowjetunion
65%
1Jugoslawien
63%

Verteilung der Resultate

Perzentil nach korrekt beantworteten Fragen

Anzahl Personen mit jedem Resultat

Ihre Resultats-Entwicklung

Sie haben dieses Quiz noch nicht gespielt